Los pequeños y medianos caficultores, la historia y la nación: Costa Rica 1890-1950 /
Guardado en:
| Autor principal: | |
|---|---|
| Formato: | Texto |
| Materias: | |
| Etiquetas: |
Agregar Etiqueta
Sin Etiquetas, Sea el primero en etiquetar este registro!
|
MARC
| LEADER | 00000 a a2200000 04500 | ||
|---|---|---|---|
| 001 | 17095 | ||
| 003 | |||
| 040 | |||
| 100 | |a Molina Jiménez, Iván | ||
| 245 | |a Los pequeños y medianos caficultores, la historia y la nación: |b Costa Rica 1890-1950 / |c Iván Molina Jiménez | ||
| 650 | |a PRODUCCION | ||
| 650 | |a CAFE | ||
| 650 | |a AGRICULTURA | ||
| 650 | |a ANALISIS HISTORICO | ||
| 650 | |a EXPORTACIONES | ||
| 650 | |a CONDICIONES ECONOMICAS | ||
| 650 | |a CONDICIONES SOCIALES | ||
| 650 | |a CULTURA | ||
| 650 | |a ESTADO | ||
| 773 | |g volumen 6, número 3; páginas 31-44 | ||
| 999 | |c 24552 |d 24552 | ||
